Centrálne vetranie a chladenie obytnej budovy s polyfunkciou
Saved in:
| Main Author: | |
|---|---|
| Other Authors: | |
| Format: | Manuscript Book |
| Language: | Slovak |
| Published: |
2023
|
| Subjects: | |
| Online Access: | http://is.stuba.sk/zp/portal_zp.pl?podrobnosti=172324 https://opac.crzp.sk/?fn=detailBiblioForm&sid=C0DEB8E07572332BAC230C15805F |
| Tags: |
No Tags, Be the first to tag this record!
|
MARC
| LEADER | 00000ntm a22000003a 4500 | ||
|---|---|---|---|
| 001 | stuzp93622 | ||
| 003 | SK-STU | ||
| 005 | 20230918145405.3 | ||
| 007 | ta | ||
| 008 | 150427s2015----xo-----f-mn---000-0-slo-d | ||
| 040 | |a STU |b slo | ||
| 041 | 0 | |a slo | |
| 100 | 1 | |a Farkaš, Dušan |u 010290 |4 aut |U SvF Stavebná fakulta |T SvF Katedra technických zariadení budov |X 92935 |U V290 |Y 31 |7 92935 | |
| 242 | 0 | 1 | |a Central ventilation and cooling of an apartment house with polyfunction |y eng |
| 245 | 1 | 0 | |a Centrálne vetranie a chladenie obytnej budovy s polyfunkciou |
| 260 | |c 2023 | ||
| 650 | 4 | |a Centrálne vetranie |2 slo | |
| 650 | 4 | |a Centrálne chladenie |2 slo | |
| 650 | 4 | |a Vzduchotechnika |2 slo | |
| 650 | 4 | |a Central ventilation |2 eng | |
| 650 | 4 | |a Central cooling |2 eng | |
| 650 | 4 | |a Apartment house |2 eng | |
| 700 | 1 | |a Straková, Zuzana |u 010290 |k Z1 |4 ths |U SvF Stavebná fakulta |T SvF Katedra technických zariadení budov |X 1647 |U V290 |Y 31 |7 1647 | |
| 856 | 4 | |u http://is.stuba.sk/zp/portal_zp.pl?podrobnosti=172324 | |
| 856 | 4 | |u https://opac.crzp.sk/?fn=detailBiblioForm&sid=C0DEB8E07572332BAC230C15805F | |